[Event "Slovenian chT 2019"]
[Site "Slovenia"]
[Date "2019.12.22"]
[Round "9"]
[White "Pozun, Matej"]
[Black "Jelen, Miha"]
[Result "1-0"]
[WhiteElo "2099"]
[BlackElo "1849"]
[Annotator "NA"]
[PlyCount "79"]
[EventDate "2019.??.??"]
[EventCountry "SLO"]
[SourceTitle "playchess.com"]
[Source "ChessBase"]
[SourceQuality "1"]
[TimeControl "40/5400+30:1800+30"]

1. e4 c5 2. Nf3 Nc6 3. d4 cxd4 4. Nxd4 g6 5. c4 d6 6. Nc3 Nf6 7. Be2 Nxd4 8. Qxd4 Bg7 9. Be3 O-O 10. Qd2 Be6 11. Rc1 Rc8 12. b3 Qa5 13. f3 a6 14. Na4 Qxd2+ 15. Kxd2 Nd7 16. Nc3 f5 17. exf5 Bxf5 18. Nd5 Rf7 19. Bg5 Nf6 20. Rhe1 Nxd5 21. cxd5 Rxc1 22. Rxc1 e5 23. g4 Bd7 24. Rc7 Be8 25. Rc8 Kf8 26. b4 h6 27. Bd8 Rf4 28. Bd3 Rxf3 29. Bb6 Rf6 30. Rb8 Bh8 31. b5 g5 32. Bf5 Rf7 33. Be6 Rh7 34. Bf5 Rf7 35. Bg6 Re7 36. Ke3 e4 37. Bd8 Re5 38. Bc7 Kg7 39. Bxe8 Rxd5 40. Rxb7 1-0

[Event "Slovenian chT 2019"]
[Site "Slovenia"]
[Date "2019.12.22"]
[Round "9"]
[White "Rozic, Adrijan"]
[Black "Urbanc, Peter"]
[Result "0-1"]
[WhiteElo "2048"]
[BlackElo "2212"]
[Annotator "NA"]
[PlyCount "88"]
[EventDate "2019.??.??"]
[EventCountry "SLO"]
[SourceTitle "playchess.com"]
[Source "ChessBase"]
[SourceQuality "1"]
[TimeControl "40/5400+30:1800+30"]

1. d4 d5 2. Nf3 e6 3. e3 f5 4. Ne5 Nf6 5. f4 Be7 6. Be2 O-O 7. O-O c5 8. c3 Nc6 9. Nd2 Bd7 10. b3 cxd4 11. exd4 Rc8 12. Bb2 Nxe5 13. dxe5 Ne4 14. Nxe4 dxe4 15. c4 Qb6+ 16. Bd4 Bc5 17. Bxc5 Qxc5+ 18. Kh1 Rfd8 19. Qe1 Be8 20. Qc3 Qa3 21. Rfc1 b6 22. Rc2 Qc5 23. Rac1 a5 24. Rd2 Rxd2 25. Qxd2 g5 26. Rd1 Bc6 27. Qd6 Qxd6 28. Rxd6 gxf4 29. Rxe6 f3 30. Bf1 e3 31. Rxc6 Rxc6 32. gxf3 f4 33. Kg1 Rg6+ 34. Kh1 Kf7 35. c5 bxc5 36. Bd3 Rg5 37. Bc4+ Ke7 38. e6 h5 39. a3 h4 40. b4 cxb4 41. axb4 axb4 42. Be2 h3 43. Bd3 Ra5 44. Bf1 Ra1 0-1

[Event "Slovenian chT 2019"]
[Site "Slovenia"]
[Date "2019.12.22"]
[Round "9"]
[White "Rozman, Mitja"]
[Black "Belsak, Zan"]
[Result "1-0"]
[WhiteElo "2014"]
[BlackElo "2172"]
[Annotator "NA"]
[PlyCount "97"]
[EventDate "2019.??.??"]
[EventCountry "SLO"]
[SourceTitle "playchess.com"]
[Source "ChessBase"]
[SourceQuality "1"]
[TimeControl "40/5400+30:1800+30"]

1. Nf3 d6 2. d4 g6 3. g3 Bg7 4. Bg2 f5 5. b4 Nf6 6. O-O c6 7. a4 O-O 8. Ba3 Re8 9. c3 h6 10. Nbd2 Kh7 11. Qc2 e5 12. dxe5 dxe5 13. Rad1 Qc7 14. e4 Qf7 15. c4 f4 16. c5 Nh5 17. Nc4 Qg8 18. Rd3 Bg4 19. Bb2 Na6 20. Ba3 Nb8 21. Rfd1 Nf6 22. Nd6 Re7 23. Bb2 Na6 24. Qc3 Rb8 25. R1d2 Nd7 26. Nc4 Rbe8 27. h3 Be6 28. Nd6 Rb8 29. Kh2 b6 30. cxb6 Rxb6 31. Ba3 c5 32. b5 Nb4 33. Bxb4 cxb4 34. Qxb4 Bf8 35. Qc3 Bg7 36. Nc8 Re8 37. Nxb6 Nxb6 38. Qc7 Nc4 39. Rc2 fxg3+ 40. fxg3 Qf8 41. Qxa7 Ra8 42. Qc7 Rxa4 43. b6 Rb4 44. b7 g5 45. Rxc4 Bxc4 46. Rd7 Ba6 47. b8=Q Rxb8 48. Rxg7+ Qxg7 49. Qxb8 1-0

[Event "Slovenian chT 2019"]
[Site "Slovenia"]
[Date "2019.12.22"]
[Round "9"]
[White "Janzekovic, Klemen"]
[Black "Susnik, Matej"]
[Result "1/2-1/2"]
[WhiteElo "2009"]
[BlackElo "2030"]
[Annotator "NA"]
[PlyCount "62"]
[EventDate "2019.??.??"]
[EventCountry "SLO"]
[SourceTitle "playchess.com"]
[Source "ChessBase"]
[SourceQuality "1"]
[TimeControl "40/5400+30:1800+30"]

1. e4 c5 2. Nf3 e6 3. d3 d5 4. Nbd2 Nc6 5. g3 Nf6 6. Bg2 Be7 7. O-O O-O 8. Re1 Qc7 9. Qe2 b5 10. Nf1 a5 11. e5 Nd7 12. c3 Ba6 13. h4 b4 14. Bf4 a4 15. c4 Nb6 16. b3 Bb7 17. h5 axb3 18. axb3 Rxa1 19. Rxa1 Ra8 20. Rxa8+ Bxa8 21. Qa2 Qa7 22. Qxa7 Nxa7 23. Ne3 Nc6 24. Kf1 Bd8 25. Ng4 h6 26. Be3 Nd7 27. Bf4 Na5 28. Nd2 Bg5 29. Bxg5 hxg5 30. f4 gxf4 31. gxf4 Bc6 1/2-1/2